000 00443nam a2200181Ia 4500
001 25456
005 20260414151151.0
008 260414t2007||||xx |||||||||||||| ||spa||
041 _aESP
082 _a346.5
_bZ32
100 _aZannoni A., Eduardo
_eAUT
245 0 _aIneficacia y nulidad de los actos jurídicos
_b
260 _c2007
300 _a494 páginas :
_c23 cm.
650 _aDER
654 _aCDE
942 _cLIB
_dJUS
_fJUS
_2ddc
_n
999 _c25456
_d25456